[Event "FIDE Open World Rapid Championships 2024 "]
[White "Erenburg, Sergey"]
[Black "Firouzja, Alireza"]
[Site "New York, USA"]
[Round "1"]
[Board "7"]
[Result "0-1"]
[Date "2024.12.26"]
[WhiteElo "2510"]
[BlackElo "2756"]
[PlyCount "48"]
[GameId "2127283132854887"]
[EventDate "2024.12.26"]
[EventType "rapid"]
[EventRounds "13"]
[EventCountry "FID"]

1. e4 c5 2. Nf3 d6 3. Bb5+ Nd7 4. c3 Ngf6 5. Qe2 a6 6. Ba4 b5 7. Bc2 Bb7 8. O-O g6 9. d4 Bg7 10. b3 O-O 11. Bb2 Rc8 12. a4 cxd4 13. cxd4 Nh5 14. axb5 Nf4 15. Qd2 Bh6 16. Kh1 axb5 17. d5 e5 18. dxe6 fxe6 19. Na3 Nf6 20. Nxb5 d5 21. exd5 Bxd5 22. Qd1 Nxg2 23. Kxg2 Nh5 24. Nbd4 Rxc2 0-1

[Event "FIDE Open World Rapid Championships 2024 "]
[White "Zarnicki, Pablo"]
[Black "Sarana, Alexey"]
[Site "New York, USA"]
[Round "1"]
[Board "25"]
[Result "0-1"]
[Date "2024.12.26"]
[WhiteElo "2460"]
[BlackElo "2654"]
[PlyCount "54"]
[GameId "2127283132867193"]
[EventDate "2024.12.26"]
[EventType "rapid"]
[EventRounds "13"]
[EventCountry "FID"]

1. e4 c5 2. Nf3 d6 3. Bb5+ Nd7 4. c4 Ngf6 5. Nc3 g6 6. d4 cxd4 7. Nxd4 Bg7 8. O-O O-O 9. Ba4 Qc7 10. Qe2 a6 11. h3 Nc5 12. Bc2 Nfxe4 13. Nd5 Qd8 14. Rd1 e6 15. Bxe4 Nxe4 16. Qxe4 exd5 17. Qxd5 Qb6 18. Bf4 Rd8 19. Rac1 Qxb2 20. c5 Bg4 21. Rb1 dxc5 22. Qg5 Qxa2 23. Nf3 Rxd1+ 24. Rxd1 Bxf3 25. Rd8+ Rxd8 26. Qxd8+ Bf8 27. gxf3 Qe6 0-1

[Event "FIDE Open World Rapid Championships 2024 "]
[White "Akobian, Varuzhan"]
[Black "Escobar Forero, Alder"]
[Site "New York, USA"]
[Round "1"]
[Board "50"]
[Result "0-1"]
[Date "2024.12.26"]
[WhiteElo "2604"]
[BlackElo "2409"]
[PlyCount "140"]
[GameId "2127283132883602"]
[EventDate "2024.12.26"]
[EventType "rapid"]
[EventRounds "13"]
[EventCountry "FID"]

1. d4 d5 2. c4 e6 3. Nc3 Nf6 4. cxd5 exd5 5. Bg5 Be7 6. e3 c6 7. Bd3 Nbd7 8. Qc2 h6 9. Bh4 Nh5 10. Bxe7 Qxe7 11. Nge2 Nb6 12. O-O Bg4 13. Rae1 Bxe2 14. Rxe2 O-O 15. Rb1 a5 16. a3 Nc8 17. b4 axb4 18. axb4 Nd6 19. b5 Ra3 20. bxc6 bxc6 21. Ree1 Qa7 22. Rec1 Nf6 23. Rb2 Rc8 24. h3 c5 25. dxc5 Rxc5 26. Rb3 Nfe4 27. Qb2 Rxb3 28. Qxb3 Qc7 29. Ra1 Rxc3 30. Qxd5 Rc1+ 31. Rxc1 Qxc1+ 32. Kh2 Qc7 33. Qa8+ Ne8+ 34. f4 N4f6 35. Bb5 Qe7 36. e4 Kf8 37. e5 Nh5 38. Qe4 g6 39. g4 Nhg7 40. f5 gxf5 41. gxf5 Qc5 42. Bd3 f6 43. exf6 Nxf6 44. Qf4 Nd5 45. Qb8+ Kf7 46. Qg3 Qc7 47. Qxc7+ Nxc7 48. Kg3 Kf6 49. Kg4 Nd5 50. Bb1 Ke5 51. h4 Nf6+ 52. Kf3 Nxf5 53. h5 Nxh5 54. Ba2 Nf6 55. Bf7 Nd6 56. Bg6 Nb5 57. Kg3 Nd4 58. Bb1 Nf5+ 59. Kf3 h5 60. Bd3 Nh7 61. Ba6 Ng5+ 62. Kg2 Kf4 63. Bb7 Ne3+ 64. Kh2 h4 65. Bc6 Ng4+ 66. Kg2 h3+ 67. Kh1 Kg3 68. Bb7 Nf2+ 69. Kg1 h2+ 70. Kf1 Nf3 0-1

[Event "FIDE Open World Rapid Championships 2024 "]
[White "Abdusattorov, Nodirbek"]
[Black "Volokitin, Andrei"]
[Site "New York, USA"]
[Round "2"]
[Board "7"]
[Result "1-0"]
[Date "2024.12.26"]
[WhiteElo "2740"]
[BlackElo "2569"]
[PlyCount "49"]
[GameId "2127283133432514"]
[EventDate "2024.12.26"]
[EventType "rapid"]
[EventRounds "13"]
[EventCountry "FID"]

1. e4 c5 2. Nf3 d6 3. Bb5+ Nd7 4. c4 Ngf6 5. Nc3 g6 6. O-O Bg7 7. d3 O-O 8. Ba4 Ne5 9. Nxe5 dxe5 10. a3 Nh5 11. Be3 b6 12. b4 cxb4 13. axb4 Bb7 14. g3 f5 15. exf5 Rxf5 16. Ne4 Nf4 17. Ra3 e6 18. f3 Nh3+ 19. Kg2 Rh5 20. c5 Bd5 21. Bb3 Bh6 22. Bxh6 Rxh6 23. c6 Bxc6 24. Bxe6+ Kg7 25. Bxh3 1-0

[Event "FIDE Open World Rapid Championships 2024 "]
[White "Dubov, Daniil"]
[Black "Aravindh, Chithambaram Vr."]
[Site "New York, USA"]
[Round "2"]
[Board "13"]
[Result "1-0"]
[Date "2024.12.26"]
[WhiteElo "2677"]
[BlackElo "2546"]
[PlyCount "63"]
[GameId "2127283133436616"]
[EventDate "2024.12.26"]
[EventType "rapid"]
[EventRounds "13"]
[EventCountry "FID"]

1. d4 d5 2. c4 e6 3. Nf3 Nf6 4. g3 h6 5. Bg2 Bd6 6. O-O O-O 7. b3 Nc6 8. Bb2 b6 9. Nbd2 Rb8 10. Rc1 dxc4 11. e4 Be7 12. bxc4 Nb4 13. Qb3 c5 14. a3 Nc6 15. d5 Na5 16. Qc2 exd5 17. cxd5 Re8 18. Rfd1 Bf8 19. e5 Nh7 20. Ne4 Bg4 21. h3 Bh5 22. g4 Bg6 23. e6 fxe6 24. dxe6 Qc8 25. Ne5 Rxe6 26. Nxg6 Rxg6 27. Ng3 Re6 28. Bd5 Ng5 29. Qf5 Rb7 30. Re1 Rbe7 31. Rxe6 Nxe6 32. Re1 1-0

[Event "FIDE Open World Rapid Championships 2024 "]
[White "Niemann, Hans Moke"]
[Black "Papasimakopoulos, Alexandros"]
[Site "New York, USA"]
[Round "2"]
[Board "28"]
[Result "1-0"]
[Date "2024.12.26"]
[WhiteElo "2618"]
[BlackElo "2417"]
[PlyCount "73"]
[GameId "2127283133444823"]
[EventDate "2024.12.26"]
[EventType "rapid"]
[EventRounds "13"]
[EventCountry "FID"]

1. e4 e6 2. d4 d5 3. e5 a6 4. c3 Bd7 5. Bd3 Bb5 6. Bc2 c5 7. Nf3 a5 8. Be3 Qb6 9. Na3 Ba6 10. Ba4+ Nc6 11. Qb3 Qxb3 12. axb3 cxd4 13. Nxd4 Kd7 14. Nac2 Nge7 15. b4 Bd3 16. bxa5 Bxc2 17. Nxc2 Rxa5 18. b4 Rxa4 19. Rxa4 Nxe5 20. Ra7 Kc7 21. Ra8 Nc4 22. Ke2 Nc8 23. Nd4 Bd6 24. Nb5+ Kd7 25. Rha1 Rd8 26. h3 Be5 27. Kd3 Nb2+ 28. Kc2 Nc4 29. Bc5 Bc7 30. Bd4 f6 31. f3 h5 32. Bf2 Bb6 33. Bxb6 N4xb6 34. Rb8 e5 35. Rxb7+ Kc6 36. Rc7+ Kxb5 37. Rc5# 1-0

[Event "FIDE Open World Rapid Championships 2024 "]
[White "Mamedov, Edgar"]
[Black "Safarli, Eltaj"]
[Site "New York, USA"]
[Round "2"]
[Board "31"]
[Result "0-1"]
[Date "2024.12.26"]
[WhiteElo "2356"]
[BlackElo "2611"]
[PlyCount "78"]
[GameId "2127283133444826"]
[EventDate "2024.12.26"]
[EventType "rapid"]
[EventRounds "13"]
[EventCountry "FID"]

1. d4 Nf6 2. c4 e6 3. Nf3 d5 4. Nc3 Be7 5. Bf4 O-O 6. e3 Nbd7 7. c5 Ne4 8. Bd3 f5 9. h3 c6 10. Qc2 b6 11. cxb6 axb6 12. O-O Ba6 13. Bxa6 Rxa6 14. Ne5 Nxe5 15. Bxe5 Nxc3 16. Qxc3 Qa8 17. a3 Rc8 18. e4 dxe4 19. Qb3 Kf7 20. f3 e3 21. Qxe3 c5 22. Rad1 Qd5 23. dxc5 Bxc5 24. Bd4 Ra4 25. b4 Bxd4 26. Rxd4 Rxa3 27. Qd2 Qe5 28. Re1 Qf6 29. Rd7+ Kg8 30. Rd6 Ra1 31. Rdxe6 Rxe1+ 32. Qxe1 Qd4+ 33. Kh1 Kf8 34. Re5 Qf4 35. Re3 g6 36. Kg1 Kg7 37. Qa1+ Kh6 38. Qe1 Rc2 39. Re7 Rc1 0-1

[Event "FIDE Open World Rapid Championships 2024 "]
[White "So, Wesley"]
[Black "Zemlyanskii, Ivan"]
[Site "New York, USA"]
[Round "2"]
[Board "40"]
[Result "0-1"]
[Date "2024.12.26"]
[WhiteElo "2739"]
[BlackElo "2495"]
[PlyCount "98"]
[GameId "2127283133453027"]
[EventDate "2024.12.26"]
[EventType "rapid"]
[EventRounds "13"]
[EventCountry "FID"]

1. e4 c5 2. Nf3 d6 3. Bb5+ Nd7 4. a4 Ngf6 5. Nc3 a6 6. Bc4 e6 7. a5 b5 8. axb6 Nxb6 9. Ba2 Bb7 10. d3 Be7 11. O-O O-O 12. Re1 Nfd7 13. Be3 Qc7 14. d4 cxd4 15. Bxd4 Nc4 16. Bxc4 Qxc4 17. Ra4 Qc7 18. Qe2 Nb8 19. Qe3 Nd7 20. Qe2 Nb8 21. h4 Nc6 22. Be3 Bf6 23. Qd2 h6 24. h5 Rfd8 25. Rea1 Rab8 26. R4a3 Bc8 27. Na4 d5 28. exd5 Rxd5 29. Bf4 Be5 30. Bxe5 Nxe5 31. Qe2 Bb7 32. Ne1 Rbd8 33. Rc3 Nc6 34. Nd3 Qe7 35. Nac5 Nd4 36. Qe3 Rxh5 37. Nxb7 Qxb7 38. Nf4 Rf5 39. Rd3 Rxf4 40. c3 Rg4 41. f3 Nxf3+ 42. Qxf3 Qb6+ 43. Kh2 Rxd3 44. Qxg4 Qb8+ 45. Kg1 Qxb2 46. Rxa6 Qxc3 47. Ra8+ Kh7 48. Qe4+ f5 49. Qxe6 Qd4+ 0-1

[Event "FIDE Open World Rapid Championships 2024 "]
[White "Zemlyanskii, Ivan"]
[Black "Robson, Ray"]
[Site "New York, USA"]
[Round "3"]
[Board "26"]
[Result "0-1"]
[Date "2024.12.26"]
[WhiteElo "2495"]
[BlackElo "2645"]
[PlyCount "60"]
[GameId "2127283134206768"]
[EventDate "2024.12.26"]
[EventType "rapid"]
[EventRounds "13"]
[EventCountry "FID"]

1. e4 e5 2. Nf3 Nc6 3. Bc4 Nf6 4. d3 Bc5 5. c3 d6 6. Bg5 h6 7. Bh4 a5 8. Nbd2 Ba7 9. a4 Qe7 10. O-O g5 11. Bg3 Nd7 12. Bb5 h5 13. h4 g4 14. Ne1 Nf8 15. d4 Bd7 16. Nc2 exd4 17. Bxc6 bxc6 18. Nxd4 Ng6 19. f4 gxf3 20. N2xf3 Ne5 21. Kh1 Rg8 22. Ng5 O-O-O 23. Bf2 f6 24. Ngf3 Nxf3 25. Qxf3 Rg4 26. Rae1 Qe5 27. Qd3 Rdg8 28. Rg1 Qf4 29. g3 Qxf2 30. Rg2 Qxe1+ 0-1

[Event "FIDE Open World Rapid Championships 2024 "]
[White "Svane, Frederik"]
[Black "Ibarra Jerez, Jose Carlos"]
[Site "New York, USA"]
[Round "3"]
[Board "45"]
[Result "1-0"]
[Date "2024.12.26"]
[WhiteElo "2455"]
[BlackElo "2555"]
[PlyCount "123"]
[GameId "2127283134219075"]
[EventDate "2024.12.26"]
[EventType "rapid"]
[EventRounds "13"]
[EventCountry "FID"]

1. e4 c5 2. Nf3 Nc6 3. Bb5 e6 4. c3 d5 5. d3 Nge7 6. O-O a6 7. Ba4 b5 8. Bb3 dxe4 9. dxe4 Qxd1 10. Rxd1 Bb7 11. Bc2 Ng6 12. a4 b4 13. a5 Rd8 14. Rxd8+ Kxd8 15. Nbd2 h6 16. Nc4 Be7 17. Be3 Kc7 18. h4 h5 19. g3 f6 20. Kf1 bxc3 21. bxc3 Na7 22. Nb6 Bc6 23. Nd2 Ne5 24. Bb3 Ng4 25. Bxe6 Nxe3+ 26. fxe3 Nb5 27. c4 Nd6 28. Bd5 Re8 29. Ke2 Bd8 30. Kd3 Nb7 31. Bf7 Re5 32. Nd5+ Kb8 33. Nf3 Re8 34. Bxe8 Bxe8 35. e5 Bd7 36. exf6 gxf6 37. e4 Nxa5 38. e5 Bf5+ 39. Kc3 Bg4 40. exf6 Be6 41. Ne5 Bxd5 42. cxd5 Bxf6 43. Rxa5 Bxe5+ 44. Kc4 Bxg3 45. Rxa6 Bxh4 46. Rh6 Kc7 47. Rxh5 Bf2 48. Rh7+ Kd6 49. Rh6+ Kd7 50. Ra6 Bg1 51. Rc6 Bf2 52. Re6 Bg1 53. Rg6 Bf2 54. Ra6 Bg1 55. Kd3 Bf2 56. Ke4 Bg1 57. Rg6 Bf2 58. d6 Kc6 59. Ke5 c4 60. Rg4 Kb5 61. Kd5 Bc5 62. d7 1-0

[Event "FIDE Open World Rapid Championships 2024 "]
[White "Blohberger, Felix"]
[Black "Suleymanli, Aydin"]
[Site "New York, USA"]
[Round "3"]
[Board "66"]
[Result "1/2-1/2"]
[Date "2024.12.26"]
[WhiteElo "2423"]
[BlackElo "2549"]
[PlyCount "128"]
[GameId "2127283134231384"]
[EventDate "2024.12.26"]
[EventType "rapid"]
[EventRounds "13"]
[EventCountry "FID"]

1. Nf3 Nf6 2. g3 d5 3. Bg2 Nbd7 4. O-O e5 5. d4 exd4 6. Nxd4 c6 7. c4 dxc4 8. Qc2 Qb6 9. Qxc4 Ne5 10. Qc3 Bb4 11. Qe3 Nfg4 12. Qe4 O-O 13. e3 Re8 14. Qc2 c5 15. Ne2 Be6 16. h3 Nf6 17. Nf4 Bc4 18. Rd1 g5 19. b3 gxf4 20. bxc4 fxg3 21. f4 Ng6 22. Nc3 Nh4 23. Nd5 Nxd5 24. Rxd5 Rad8 25. Rg5+ Kf8 26. Bd5 Rxd5 27. Rxd5 Nf3+ 28. Kh1 Qh6 29. Qg2 Nd4 30. Qxg3 Ne2 31. Qg2 Nxc1 32. Rxc1 Rxe3 33. Rd8+ Ke7 34. Rcd1 Qxh3+ 35. Qxh3 Rxh3+ 36. Kg2 Ra3 37. R8d7+ Kf6 38. R1d6+ Kf5 39. Rxf7+ Kg4 40. f5 Rxa2+ 41. Kf1 Bc3 42. f6 Bd4 43. Rxh7 Rf2+ 44. Ke1 Rxf6 45. Rxf6 Bxf6 46. Rxb7 Bc3+ 47. Ke2 a5 48. Kd3 Bb4 49. Ke4 a4 50. Rg7+ Kh5 51. Kf5 Kh4 52. Kf4 Bd2+ 53. Ke4 a3 54. Kd3 Bb4 55. Kc2 Kh5 56. Kb3 Kh6 57. Rg8 Kh5 58. Rg2 Kh4 59. Rg1 Kh5 60. Rg2 Kh4 61. Rg8 Kh5 62. Kc2 Kh4 63. Kd3 Ba5 64. Ra8 Bb4 1/2-1/2

[Event "FIDE Open World Rapid Championships 2024 "]
[White "Andriasian, Zaven"]
[Black "Duda, Jan-Krzysztof"]
[Site "New York, USA"]
[Round "4"]
[Board "8"]
[Result "1/2-1/2"]
[Date "2024.12.26"]
[WhiteElo "2624"]
[BlackElo "2740"]
[PlyCount "90"]
[GameId "2127283134882681"]
[EventDate "2024.12.26"]
[EventType "rapid"]
[EventRounds "13"]
[EventCountry "FID"]

1. e4 c6 2. d4 d5 3. e5 Bf5 4. h4 h5 5. Bd3 Bxd3 6. Qxd3 Qa5+ 7. Nd2 e6 8. Ngf3 Nh6 9. O-O Be7 10. c4 Nf5 11. g3 Na6 12. b3 c5 13. cxd5 Nb4 14. Qe2 Nxd5 15. Nc4 Qa6 16. Bb2 O-O 17. Rfd1 b5 18. Ncd2 c4 19. bxc4 bxc4 20. Qxc4 Qxc4 21. Nxc4 Rfc8 22. Rdc1 Rab8 23. Na5 Nb4 24. Rxc8+ Rxc8 25. Ne1 g5 26. hxg5 Bxg5 27. Nb3 Nc2 28. Nxc2 Rxc2 29. Bc1 Bxc1 30. Rxc1 Rxa2 31. Rc8+ Kg7 32. Rc7 Ra3 33. Rb7 Kg6 34. Kg2 a5 35. Nd2 Nxd4 36. Nc4 Rb3 37. Nxa5 Rc3 38. Rb4 Nf3 39. Rc4 Rxc4 40. Nxc4 Nd4 41. f4 Nf5 42. Kf3 Nd4+ 43. Ke4 Nf5 44. Kf3 Nd4+ 45. Ke4 Nf5 1/2-1/2

[Event "FIDE Open World Rapid Championships 2024 "]
[White "Praggnanandhaa, R."]
[Black "Vokhidov, Shamsiddin"]
[Site "New York, USA"]
[Round "4"]
[Board "23"]
[Result "1-0"]
[Date "2024.12.26"]
[WhiteElo "2688"]
[BlackElo "2540"]
[PlyCount "110"]
[GameId "2127283134894984"]
[EventDate "2024.12.26"]
[EventType "rapid"]
[EventRounds "13"]
[EventCountry "FID"]

1. d4 Nf6 2. c4 e6 3. Bf4 Bb4+ 4. Nd2 c5 5. dxc5 Nc6 6. Ngf3 Bxc5 7. e3 h6 8. h3 O-O 9. Be2 b6 10. O-O Bb7 11. a3 d5 12. cxd5 Nxd5 13. Bg3 Bd6 14. Bxd6 Qxd6 15. Qa4 Rfd8 16. Rfd1 a6 17. Rac1 b5 18. Qh4 Qe7 19. Ne4 Qxh4 20. Nxh4 Ne5 21. Nc5 Bc6 22. Nf3 Nxf3+ 23. Bxf3 Rdc8 24. Nb3 Ne7 25. Bxc6 Rxc6 26. Rxc6 Nxc6 27. Nc5 a5 28. Rd7 Rd8 29. Rc7 Ne5 30. Rb7 Rd1+ 31. Kh2 Rd2 32. Rxb5 Rxf2 33. Ne4 Rf5 34. Nd6 Rg5 35. a4 Nc6 36. Rb7 Rd5 37. Nxf7 Rd3 38. Rc7 Rxe3 39. Nxh6+ gxh6 40. Rxc6 Kf7 41. Rc5 Re2 42. Rb5 Rc2 43. Kg3 Kg6 44. Kf3 h5 45. b3 Rc3+ 46. Kf4 h4 47. Kg4 Rg3+ 48. Kxh4 Rxg2 49. Rxa5 Kf6 50. Ra8 e5 51. a5 e4 52. a6 Ra2 53. a7 Kg7 54. Kg4 e3 55. Kf3 e2 1-0

[Event "FIDE Open World Rapid Championships 2024 "]
[White "Tsaruk, Maksim"]
[Black "Bortnyk, Olexandr"]
[Site "New York, USA"]
[Round "4"]
[Board "27"]
[Result "1/2-1/2"]
[Date "2024.12.26"]
[WhiteElo "2437"]
[BlackElo "2642"]
[PlyCount "109"]
[GameId "2127283134894988"]
[EventDate "2024.12.26"]
[EventType "rapid"]
[EventRounds "13"]
[EventCountry "FID"]

1. e4 Nf6 2. e5 Nd5 3. d4 d6 4. Nf3 dxe5 5. Nxe5 c6 6. Bc4 Nd7 7. Nf3 N7f6 8. h3 Bf5 9. Nh4 Bg6 10. Be2 e6 11. Nxg6 hxg6 12. c4 Bb4+ 13. Bd2 Bxd2+ 14. Qxd2 Ne4 15. Qd3 Qa5+ 16. Kf1 Ndf6 17. Nc3 Nxc3 18. Qxc3 Qb6 19. Rd1 Rd8 20. g3 O-O 21. Kg2 Rd7 22. h4 Qa6 23. h5 gxh5 24. Bxh5 b5 25. Bf3 bxc4 26. Rh4 Rb8 27. Rdh1 Kf8 28. Rh8+ Ng8 29. Qc2 f5 30. Qe2 Re7 31. Qe5 Rd8 32. Qc5 Rdd7 33. Bxc6 Rc7 34. d5 Kf7 35. dxe6+ Kg6 36. Be8+ Rxe8 37. Qxc7 Qxe6 38. Rd1 Qe4+ 39. Kg1 Re7 40. Qf4 Qxf4 41. gxf4 Nf6 42. Rd2 Re4 43. f3 Rxf4 44. Kg2 Kg5 45. Kg3 c3 46. bxc3 Rc4 47. Rc2 Nd5 48. Ra8 Ne3 49. Re2 f4+ 50. Kf2 Rxc3 51. Rxa7 g6 52. Ra5+ Kh4 53. Re5 Ra3 54. Re6 Kg5 55. R6xe3 1/2-1/2

[Event "FIDE Open World Rapid Championships 2024 "]
[White "Esipenko, Andrey"]
[Black "Zemlyanskii, Ivan"]
[Site "New York, USA"]
[Round "4"]
[Board "42"]
[Result "1-0"]
[Date "2024.12.26"]
[WhiteElo "2642"]
[BlackElo "2495"]
[PlyCount "69"]
[GameId "2127283134907291"]
[EventDate "2024.12.26"]
[EventType "rapid"]
[EventRounds "13"]
[EventCountry "FID"]

1. e4 c5 2. Nf3 d6 3. Bb5+ Nd7 4. Ba4 Ngf6 5. O-O e6 6. d3 Be7 7. c4 O-O 8. Nc3 a6 9. h3 Ne5 10. Ne1 Qc7 11. f4 Nc6 12. Nf3 Bd7 13. Bd2 Rfb8 14. Rb1 b5 15. cxb5 Nb4 16. b6 Qxb6 17. e5 Bxa4 18. Nxa4 Qc6 19. exf6 Bxf6 20. Bc3 Be7 21. b3 Nxa2 22. Ba1 Nb4 23. Ng5 Qd5 24. d4 Bxg5 25. fxg5 Qxg5 26. dxc5 dxc5 27. Qf3 Ra7 28. Rbc1 Nd5 29. Nxc5 h6 30. Bd4 Re7 31. Nxa6 Ra8 32. Nb4 Rd8 33. Nc6 Rde8 34. Nxe7+ Qxe7 35. b4 1-0

[Event "FIDE Open World Rapid Championships 2024 "]
[White "Anton Guijarro, David"]
[Black "Khanin, Semen"]
[Site "New York, USA"]
[Round "4"]
[Board "44"]
[Result "1/2-1/2"]
[Date "2024.12.26"]
[WhiteElo "2635"]
[BlackElo "2484"]
[PlyCount "97"]
[GameId "2127283134907293"]
[EventDate "2024.12.26"]
[EventType "rapid"]
[EventRounds "13"]
[EventCountry "FID"]

1. e4 e5 2. Nf3 Nc6 3. Bc4 Nf6 4. Ng5 d5 5. exd5 Na5 6. Bb5+ c6 7. dxc6 bxc6 8. Bd3 Nd5 9. Nf3 Bd6 10. Nc3 f5 11. Nxd5 cxd5 12. b4 Nb7 13. Bb5+ Bd7 14. Bxd7+ Qxd7 15. Bb2 e4 16. Ne5 Bxe5 17. Bxe5 O-O 18. f4 exf3 19. Qxf3 Rae8 20. d4 Qb5 21. Qb3 Nd6 22. a4 Qb7 23. O-O Nc4 24. Rf2 Nxe5 25. dxe5 Rxe5 26. h3 Qb6 27. Raf1 Qd4 28. c3 Re3 29. Qd1 Qe5 30. Rf3 f4 31. Qd4 Qxd4 32. cxd4 Re4 33. Rc3 Rxd4 34. Rc7 Rxb4 35. Rxa7 h6 36. a5 Ra4 37. Rd1 Rf5 38. Rd2 d4 39. Kf2 Raxa5 40. Rxa5 Rxa5 41. Rxd4 g5 42. Rd7 Rf5 43. g3 fxg3+ 44. Kxg3 Rf4 45. Rc7 Rf7 46. Rxf7 Kxf7 47. h4 gxh4+ 48. Kxh4 h5 49. Kxh5 1/2-1/2

[Event "FIDE Open World Rapid Championships 2024 "]
[White "George, Kevin"]
[Black "Bezold, Michael"]
[Site "New York, USA"]
[Round "4"]
[Board "79"]
[Result "1-0"]
[Date "2024.12.26"]
[WhiteElo "2212"]
[BlackElo "2574"]
[PlyCount "129"]
[GameId "2127283134927808"]
[EventDate "2024.12.26"]
[EventType "rapid"]
[EventRounds "13"]
[EventCountry "FID"]

1. e4 d6 2. d4 Nf6 3. Nc3 c6 4. a4 Qa5 5. Bd3 e5 6. Nge2 Be7 7. O-O O-O 8. h3 Re8 9. Be3 Qc7 10. Qd2 Nbd7 11. Ng3 Bf8 12. f4 a6 13. Qf2 exd4 14. Bxd4 c5 15. Be3 c4 16. Be2 b6 17. Bd4 Bb7 18. Bf3 Re6 19. Nd5 Bxd5 20. exd5 Ree8 21. Nf5 Kh8 22. Qh4 Qd8 23. Rae1 Rxe1 24. Rxe1 Ng8 25. Qh5 f6 26. Qf7 Nc5 27. a5 g6 28. Ne3 Rc8 29. axb6 Qxb6 30. Bg4 Qc7 31. Qxc7 Rxc7 32. Nxc4 h5 33. Bf3 Kg7 34. Re8 Kf7 35. Ra8 f5 36. b3 Be7 37. Bxc5 Rxc5 38. Rxa6 Nf6 39. Nxd6+ Bxd6 40. Rxd6 Rxc2 41. Rc6 Rd2 42. Rc7+ Kf8 43. Kh2 h4 44. b4 Rd4 45. b5 Rb4 46. Rc6 Ke7 47. b6 Ne8 48. Rxg6 Nd6 49. b7 Nxb7 50. Rh6 Nc5 51. Rxh4 Nd3 52. Kg3 Rb8 53. Rh5 Rg8+ 54. Rg5 Rf8 55. h4 Kf6 56. h5 Rb8 57. Rg6+ Kf7 58. d6 Rh8 59. Bd5+ Ke8 60. h6 Kd7 61. Bc4 Nc5 62. Bb5+ Kc8 63. d7+ Nxd7 64. Bxd7+ Kxd7 65. Kh4 1-0

[Event "FIDE Open World Rapid Championships 2024 "]
[White "Benjamin, Joel"]
[Black "Juksta, Karolis"]
[Site "New York, USA"]
[Round "4"]
[Board "81"]
[Result "1/2-1/2"]
[Date "2024.12.26"]
[WhiteElo "2473"]
[BlackElo "2309"]
[PlyCount "112"]
[GameId "2127283134931906"]
[EventDate "2024.12.26"]
[EventType "rapid"]
[EventRounds "13"]
[EventCountry "FID"]

1. e4 e6 2. d4 d5 3. exd5 exd5 4. c4 Bb4+ 5. Nc3 Nf6 6. Bd3 dxc4 7. Bxc4 O-O 8. Nge2 Nbd7 9. O-O Nb6 10. Bb3 c6 11. Qd3 Nfd5 12. Ng3 Re8 13. Bc2 g6 14. Nce4 Be6 15. Ng5 Bf8 16. Nxe6 Rxe6 17. a3 Qc7 18. Bg5 Rae8 19. Bb3 h6 20. Bd2 Bg7 21. f3 R6e7 22. Kh1 Kh7 23. Rad1 Ne3 24. Bxe3 Rxe3 25. Qc2 R3e7 26. Ne4 Rd8 27. Qf2 Nd5 28. Rfe1 f5 29. Nc5 Rde8 30. Rxe7 Qxe7 31. Bxd5 cxd5 32. Nd3 Qe2 33. Qxe2 Rxe2 34. g3 g5 35. b3 a5 36. Nc5 Re3 37. Nxb7 Rxb3 38. Nxa5 Rxa3 39. Nc6 Rxf3 40. Nb4 Rc3 41. Nxd5 Rb3 42. Ne7 f4 43. gxf4 gxf4 44. d5 Rb7 45. d6 Rd7 46. Kg2 Bf8 47. Nc8 Kg6 48. Kf3 Kf5 49. Rd2 Ke6 50. Re2+ Kf6 51. Re4 Bxd6 52. Rd4 Ke5 53. Rxd6 Rxd6 54. Nxd6 Kxd6 55. Kxf4 Ke6 56. Kg4 Ke5 1/2-1/2

[Event "FIDE World Rapid Chess Championship 2024"]
[White "Chanda, Sandipan"]
[Black "Zarnicki, Pablo"]
[Site "New York, United States"]
[Round "5.14"]
[Result "0-1"]
[Date "????.??.??"]
[WhiteElo "2585"]
[BlackElo "2460"]
[PlyCount "48"]
[GameId "2127283135235080"]
[EventType "rapid"]

1. d4 {[%emt 0:00:01]} Nf6 {[%emt 0:00:01]} 2. c4 {[%emt 0:00:02]} e6 {[%emt 0:00:01]} 3. Nc3 {[%emt 0:00:01]} Bb4 {[%emt 0:00:01]} 4. e3 {[%emt 0:00:01]} c5 {[%emt 0:00:02]} 5. Nge2 {[%emt 0:00:02]} cxd4 {[%emt 0:00:25]} 6. exd4 {[%emt 0:00:02]} d5 {[%emt 0:00:07]} 7. a3 {[%emt 0:00:06]} Be7 {[%emt 0:00:04]} 8. c5 {[%emt 0:00:31]} b6 {[%emt 0:00:07]} 9. b4 {[%emt 0:00:11]} a5 {[%emt 0:00:12]} 10. Bf4 {[%emt 0:01:07]} O-O {[%emt 0:00:30]} 11. Bxb8 {[%emt 0:01:55]} Rxb8 {[%emt 0:00:02]} 12. g3 {[%emt 0:00:07]} bxc5 {[%emt 0:00:42]} 13. bxc5 {[%emt 0:00:12]} e5 {[%emt 0:00:21]} 14. dxe5 {[%emt 0:03:19]} Bxc5 {[%emt 0:00:30]} 15. exf6 {[%emt 0:00:58]} Qxf6 {[%emt 0:00:02]} 16. f4 {[%emt 0:00:08]} Re8 {[%emt 0:00:43]} 17. Nxd5 {[%emt 0:00:09]} Qb2 {[%emt 0:02:06]} 18. Rc1 {[%emt 0:00:41]} Qxa3 {[%emt 0:00:53]} 19. Qc2 {[%emt 0:04:42]} Bd4 {[%emt 0:02:44]} 20. Nc7 {[%emt 0:01:20]} Bf5 {[%emt 0:03:26]} 21. Qc4 {[%emt 0:02:37]} Re4 {[%emt 0:01:31]} 22. Nb5 {[%emt 0:00:10]} Rxb5 {[%emt 0:01:14]} 23. Bg2 {[%emt 0:00:13]} Bf2+ {[%emt 0:01:07]} 24. Kxf2 {[%emt 0:00:05]} Qe3+ {[%emt 0:00:03]} 0-1